| 000 | 00716nam a22002297a 4500 | ||
|---|---|---|---|
| 003 | OSt | ||
| 005 | 20140310181927.0 | ||
| 008 | 130322t xxu||||| |||| 00| 0 eng d | ||
| 020 | _a0521628407 | ||
| 050 |
_aPE 1128 _b.R514 1998 |
||
| 082 |
_aTRE 428.24 _bR39 1998 |
||
| 100 |
_aRichards, Jack _9857 |
||
| 245 |
_aNew interchange 3A : _benglish for international communication / _cJack C. Richards |
||
| 260 |
_aCambridge, U.K. ; New York, NY, USA : _b Cambridge University Press, _c1997 |
||
| 300 |
_a48 p. _bill. ; _c28 cm. |
||
| 521 | _aFaculty | ||
| 541 | _j1 | ||
| 562 | _e1 | ||
| 650 |
_aEnglish _xCommunication _92449 |
||
| 650 |
_aEnglish _xStudy and teaching _92450 |
||
| 942 |
_2lcc _cBK-TR _kTRE |
||
| 999 |
_c7229 _d7229 |
||